Sổ tay pháp luật dành cho cán bộ, công chức và người lao động

সংরক্ষণ করুন:
গ্রন্থ-পঞ্জীর বিবরন
বিন্যাস: গ্রন্থ
ভাষা:Undetermined
প্রকাশিত: H. Lao động 2003
বিষয়গুলি:
ট্যাগগুলো: ট্যাগ যুক্ত করুন
কোনো ট্যাগ নেই, প্রথমজন হিসাবে ট্যাগ করুন!
Thư viện lưu trữ: Trung tâm Học liệu Trường Đại học Cần Thơ
LEADER 00459nam a2200145Ia 4500
001 CTU_56167
008 210402s9999 xx 000 0 und d
082 |a 344.59701 
082 |b S450 
245 0 |a Sổ tay pháp luật dành cho cán bộ, công chức và người lao động 
260 |a H. 
260 |b Lao động 
260 |c 2003 
650 |a labor laws and legislation 
980 |a Trung tâm Học liệu Trường Đại học Cần Thơ